Statistics for Billboard Year-End Hot 20 singles of 2000

Click here to take the quiz!

General Stats

  • This quiz has been taken 35 times
  • The average score is 11 of 20

Answer Stats

SongSinger% Correct
Say My NameDestiny's Child
86%
SmoothSantana feat. Rob Thomas
82%
MusicMadonna
77%
Maria MariaSantana feat. Th e Product G&B
77%
What A Girl WantsChristina Aguilera
73%
Jumpin' Jumpin'Destiny's Child
68%
I Knew I Loved YouSavage Garden
68%
Thong SongSisqo
68%
BreathFaith Hill
64%
Kryptonite3 Doors Down
55%
Try AgainAaliyah
55%
BentMatchbox Twenty
55%
AmazedLonestar
45%
HigherCreed
41%
He Wasn't Man EnoughToni Braxton
41%
Doesn't Really MatterJanet Jackson
36%
There You GoPink
36%
Back At OneBrian McKnight
32%
I Wanna KnowJoe
32%
Everything You WantVertical Horizon
23%

Score Distribution

Percentile by Number Answered

Percent of People with Each Score

Your Score History

You have not taken this quiz